Families of Ungulates - Statistics

General Stats
  • This quiz has been taken 54 times
  • The average score is 9 of 13
Answer Stats
Group Answer Example(s) % Correct
Perissodactyla (Odd-Toed Ungulates) Equidae Horse, Donkey, Zebra
93%
Artiodactyla (Even-Toed Ungulates) Camelidae Camel, Llama, Alpaca
88%
Perissodactyla (Odd-Toed Ungulates) Rhinocerotidae Black…, White…, Javan…
88%
Perissodactyla (Odd-Toed Ungulates) Tapiridae South American…, Baird's…, Malayan…
88%
Artiodactyla (Even-Toed Ungulates) Cervidae Elk (Wapiti), Moose (Elk), Caribou
86%
Artiodactyla (Even-Toed Ungulates) Giraffidae Giraffe, Okapi
77%
Artiodactyla (Even-Toed Ungulates) Bovidae Cattle, Goat, Antelope
72%
Artiodactyla (Even-Toed Ungulates) Hippopotamidae Common…, Pygmy…
72%
Artiodactyla (Even-Toed Ungulates) Suidae Pig, Hog, Warthog
72%
Artiodactyla (Even-Toed Ungulates) Antilocapridae Pronghorn
65%
Artiodactyla (Even-Toed Ungulates) Tayassuidae Collared…, White-Lipped…, Chacoan…
42%
Artiodactyla (Even-Toed Ungulates) Moschidae Dwarf…, Alpine… Siberian…
40%
Artiodactyla (Even-Toed Ungulates) Tragulidae Fanged Deer, Yellow-Striped…, Philippine…
37%
No matching quizzes found
Score Distribution
Percent of People with Each Score
Percentile by Number Answered
Your Score History
You have not taken this quiz